• 首页
  • 本馆介绍
  • 公告通知
  • 最新文献
  • 馆藏检索
  • 电子资源
  • 读者导购
  • 参考咨询
  • 我的图书馆
  • 登录
  • 详细信息显示
  • 放入我的书架
  • 预约/预借图书
  • 作者相关作品
  • 分类相关作品
  • 丛书相关作品
  • 出版社相关作品

书目信息

  • 表格格式
  • 工作单格式
  • 卡片格式
题名:
生物信息学分析实践
    
 
作者: 吴祖建 , 高芳銮 , 沈建国 主编
分册:  
出版信息: 北京   科学出版社  2010.6
页数: 222页
开本: 26cm
丛书名:
单 册:
中图分类: Q811.4
科图分类:
主题词: 生物信息论
电子资源:
ISBN: 978-7-03-027831-9
000 01067nam0 2200265 450
001 71
005 20161107142102.09
010    @a978-7-03-027831-9@dCNY33.00
100    @a20100716d2010 ekmy0chiy0120 ea
101 0  @achi
102    @aCN@b110000
105    @aafk a 000yy
200 1  @a生物信息学分析实践@9sheng wu xin xi xue fen xi shi jian@f吴祖建,高芳銮, 沈建国主编
210    @a北京@c科学出版社@d2010.6
215    @a222页@c图@d26cm
320    @a有书目{第211~217页}
330    @a本书内容主要包括生物信息学简介、三大数据库检索、引物设计及测序结果分析、核酸序列分析、蛋白质序列分析、蛋白质空间结构预测、系统发育分析、RNA分析、参考文献管理。本书的一大特色在于丰富的实例和图表,使读者可以很直观地了解和掌握书中的内容。
333    @a生命科学、农学、医学等相关专业学生,从事生物学相关的科研人员、教师及相关读者。
606 0  @a生物信息论
690    @aQ811.4@v4
701  0 @a吴祖建@9wu zu jian@4主编
701  0 @a高芳銮@9gao fang luan@4主编
701  0 @a沈建国@9shen jian guo@4主编
801  0 @aCN@b唐山师范学院图书馆@c20160721
905    @aZUCC@dQ811.4@e182
    
    生物信息学分析实践/吴祖建,高芳銮, 沈建国主编.-北京:科学出版社,2010.6
    222页:图;26cm
    使用对象:生命科学、农学、医学等相关专业学生,从事生物学相关的科研人员、教师及相关读者。
    
    ISBN 978-7-03-027831-9:CNY33.00
    本书内容主要包括生物信息学简介、三大数据库检索、引物设计及测序结果分析、核酸序列分析、蛋白质序列分析、蛋白质空间结构预测、系统发育分析、RNA分析、参考文献管理。本书的一大特色在于丰富的实例和图表,使读者可以很直观地了解和掌握书中的内容。
●
相关链接 在E读中查询图书 在五车中查询图书 在当当中查询图书 在豆瓣中查询图书


正题名:生物信息学分析实践     索取号:Q811.4/182         预约/预借

序号 登录号 条形码 馆藏地/架位号 状态 备注
1 900293   209002933   第二样本阅览室/ [索取号:Q811.4/182] 在馆    
2 900294   209002942   第三借阅区/ [索取号:Q811.4/182] 在馆    
3 900295   209002951   第三借阅区/ [索取号:Q811.4/182] 在馆    
4 900296   209002960   密集书库-生命科学系/ [索取号:Q811.4/182] 在馆    
唐山师范学院图书馆 欢迎您!
大连网信软件有限公司© 版权所有